Banana Peel musa sapientum As A Potential Alternative Herbal Soap (Record no. 82116)

MARC details
000 -LEADER
fixed length control field 03193nam a22002537a 4500
003 - CONTROL NUMBER IDENTIFIER
control field URS
005 - DATE AND TIME OF LATEST TRANSACTION
control field 20250218014825.0
008 - FIXED-LENGTH DATA ELEMENTS--GENERAL INFORMATION
fixed length control field 250218b |||||||| |||| 00| 0 eng d
050 00 - LIBRARY OF CONGRESS CALL NUMBER
Classification number LG 221. R59. M3119
Item number 2013
100 1# - MAIN ENTRY--PERSONAL NAME
Personal name Diovanie J. Manalastas
245 10 - TITLE STATEMENT
Title <a href="Banana Peel musa sapientum As A Potential Alternative Herbal Soap">Banana Peel musa sapientum As A Potential Alternative Herbal Soap</a>
Statement of responsibility, etc Diovanie J. Manalastas
260 #1 - PUBLICATION, DISTRIBUTION, ETC. (IMPRINT)
Date of publication, distribution, etc 2013
300 ## - PHYSICAL DESCRIPTION
Extent xiii, 52pages,
Other physical details illustrations,
Dimensions 27cm,
336 ## - CONTENT TYPE
Source rdacontent
Content type term text
337 ## - MEDIA TYPE
Source rdamedia
Media type term unmediated
338 ## - CARRIER TYPE
Source rdacarrier
Carrier type term volume
502 ## - DISSERTATION NOTE
Dissertation note Undergraduate Thesis<br/>
Degree type Bachelor of Secondary Education major in Biological Science<br/>
Name of granting institution University of Rizal System, Rodriguez, Rizal<br/>
Year degree granted 2013
520 ## - SUMMARY, ETC.
Summary, etc This study aimed to determine the potential of banana peel as analternative fierbal soup. The researchers tested it with selected respondents who had skin diseases The impondents of thic study were persons who had skin diseases, with no specific age and status<br/><br/>This study was conducted at T105 Chem. Lab of University of Rizal System Rodriguez campus School Year 2012-2013<br/><br/>This study made use of the experimental method of research. This was the only method that could sest the hypothesis, since the study was concerned with the "Banana<br/>You sent<br/>Peel (Mana sapientum) as a potential alternative herbal soap", experimental method war used<br/><br/>From the conducted experiment, the following were the findings Using varistides soch as physical properties of banana top among them was the physical property of color with a mean of 4.34. It was followed by fexture with a mean of 4:27. Hoth were verbally interpreted very much acceptable. Then, bubbles with a mean of 3.87 and lastly odor had a mean of 3.35. Both were verbally interpreted moderately acceptable. The average mean was 3.96 verbally interpreted moderately acceptable<br/><br/>While for the faculty, bubbles topped among the physical properties with a mosn<br/><br/>435 verbally interpreted very much accepted Then, it was followed by texture with a mean of 3 48 verbally interpreted moderately acceptable Next was odor with a mean of 3:48 and lastly was color with a mean of 3:02. Both odor and color had the same verbal interpretation of acceptable. The faculty mean was 3.55 verbally interpreted moderately acceptable<br/><br/>From the gathered findings the following were the drawn conclusions<br/><br/>The physical properties perceived by the faculty and students regarding to banana peel soap is moderately acceptable<br/><br/>For once a day application, the banana peel (Musa sapsentum) herbal soap is less effective The longer days of application the more it becomes effective<br/><br/>Among the four types of skin diseases only two types were cured, Psoriasis and Skin Allergy<br/><br/>Faculty and the students accepted the alternative banana peel herbal soup differently
650 ## - SUBJECT ADDED ENTRY--TOPICAL TERM
Source of heading or term determine the potential of banana peel as analternative fierbal soup. The researchers tested it with selected respondents who had skin diseases The impondents of thic study were persons who had skin diseases, with no specific age and status
700 ## - ADDED ENTRY--PERSONAL NAME
Personal name MA. Lesliem. Samson
700 ## - ADDED ENTRY--PERSONAL NAME
Personal name Leila N. Zata
700 ## - ADDED ENTRY--PERSONAL NAME
Personal name Rosanna N. Calanasa, MAT
Relator term adviser
942 ## - ADDED ENTRY ELEMENTS (KOHA)
Source of classification or shelving scheme Library of Congress Classification
Koha item type Theses and dissertations
Holdings
Withdrawn status Source of classification or shelving scheme Damaged status Not for loan Home library Current library Shelving location Date acquired Total Checkouts Full call number Barcode Date last seen Copy number Price effective from Koha item type
  Library of Congress Classification   Not For Loan Rodriguez College Library Rodriguez College Library Undergraduate Theses 02/24/2025   LG 221. R59. M3119 2013 URSROD-UGT-BSCI-0809 02/24/2025 1 02/24/2025 Theses and dissertations

University of Rizal System
Email us at univlibservices@urs.edu.ph

Visit our Website www.urs.edu.ph/library